Ultimate Chicken Horse Characters - Statistics

General Stats
  • This quiz has been taken 16 times
  • The average score is 22 of 26
Answer Stats
Answer % Correct
The Bunny
100%
The Chicken
100%
The Elephant
100%
The Horse
100%
The Macaw
100%
The Monkey
100%
The Raccoon
100%
The Sheep
100%
The Chameleon
89%
The Hippo
89%
The Ram
89%
The Red Panda
89%
The Snake
89%
The Triceratops
89%
The Turtle
89%
The Zebra
89%
The Armadillo
78%
The Axolotl
78%
The Bear
78%
The Cobra
78%
The Panda
78%
The Squirrel
78%
The Robot Monkey
67%
The Skunk
67%
The Mammoth
56%
The Not-Robot Bunny
22%
No matching quizzes found
Score Distribution
Percent of People with Each Score
Percentile by Number Answered
Your Score History
You have not taken this quiz